|
|
|
|
| LEADER |
00000nam0a2200000 4500 |
| 001 |
319764 |
| 005 |
20231102003219.0 |
| 035 |
|
|
|a (RuTPU)RU\TPU\book\345274
|
| 090 |
|
|
|a 319764
|
| 100 |
|
|
|a 20160609d1940 m y0rusy50 ca
|
| 101 |
0 |
|
|a rus
|
| 102 |
|
|
|a RU
|
| 105 |
|
|
|a a j 001zy
|
| 200 |
1 |
|
|a Технология производства гидравлической извести и других вяжущих стройматериалов
|e производственно-техническое пособие
|f А. И. Смирнов-Бардов
|
| 210 |
|
|
|a Москва
|a Ленинград
|c Государственное издательство местной промышленности
|c 1940
|
| 215 |
|
|
|a 155 с.
|c ил.
|e Прилож. : 1 вкл. л.
|
| 320 |
|
|
|a Библиогр.: с. 152
|
| 606 |
1 |
|
|a Вяжущие материалы
|x Строительные материалы
|2 stltpush
|3 (RuTPU)RU\TPU\subj\4503
|9 32770
|
| 610 |
1 |
|
|a известь
|
| 610 |
1 |
|
|a производство
|
| 610 |
1 |
|
|a учебные пособия
|
| 610 |
1 |
|
|a горение
|
| 610 |
1 |
|
|a топливо
|
| 610 |
1 |
|
|a известняки
|
| 610 |
1 |
|
|a обжиг
|
| 610 |
1 |
|
|a печи
|
| 610 |
1 |
|
|a напольные печи
|
| 610 |
1 |
|
|a тепловые расчеты
|
| 610 |
1 |
|
|a гидравлическая известь
|
| 610 |
1 |
|
|a измельчение
|
| 610 |
1 |
|
|a техника безопасности
|
| 675 |
|
|
|a 691.5(075)
|v 4
|
| 700 |
|
1 |
|a Смирнов-Бардов
|b А. И.
|
| 801 |
|
1 |
|a RU
|b 63413507
|c 20160609
|
| 801 |
|
2 |
|a RU
|b 63413507
|c 20200129
|g RCR
|
| 942 |
|
|
|c BK
|